KOHA-Header-6

Handbook For Mangerial Excellence 7 effective power tools for excutives (Record no. 7745)

000 -LEADER
fixed length control field 00322nam a2200109Ia 4500
100 ## - MAIN ENTRY--AUTHOR NAME
Personal name World Executive's Digest
245 #0 - TITLE STATEMENT
Title Handbook For Mangerial Excellence 7 effective power tools for excutives
260 ## - PUBLICATION, DISTRIBUTION, ETC. (IMPRINT)
Place of publication Singapore
Name of publisher Prentice Hall
Year of publication 1997
300 ## - PHYSICAL DESCRIPTION
Number of Pages 225
942 ## - ADDED ENTRY ELEMENTS (KOHA)
Koha item type Books
Holdings
Withdrawn status Lost status Collection code Permanent Location Current Location Shelving location Date acquired Full call number Accession Number Koha item type
    Management MAJU MAJU   2019-09-12 954.035 1822 Management

Powered by Koha